000 00647nam a2200277Ia 4500
005 20260324140839.0
008 008 260324s9999 xx 000 0 eng d
020 _a9781315259833
037 _aEBOOK
040 _aCRL
040 _beng
040 _cCRL
041 _2eng
041 _aeng
084 _qCRL
100 _aEmilios A. Christodoulidis
_91205958
245 0 _aCommunitarianism and Citizenship
260 _bTaylor and Francis
260 _c1998
365 _a
365 _b230
856 _uhttp://www.taylorfrancis.com/books/9781315259833
942 _cEBOOK
999 _c1808442
_d1808442